[Event "Southend Masters"]
[Site "Southend"]
[Date "2024.03.28"]
[Round "1.1"]
[White "Bezuidenhout, Roland"]
[Black "Gumularz, Szymon"]
[Result "0-1"]
[WhiteElo "2273"]
[BlackElo "2590"]
[PlyCount "68"]
[EventDate "2024.03.28"]
[EventType "swiss"]
[EventRounds "9"]
[EventCountry "ENG"]
[SourceTitle "BritBase"]
[Source "John Saunders"]
[SourceDate "2024.05.09"]
[SourceVersion "1"]
[SourceVersionDate "2024.05.09"]
[SourceQuality "1"]

1. e4 c6 2. d4 d5 3. e5 Bf5 4. Nf3 e6 5. Be2 Ne7 6. c3 h6 7. O-O Nd7 8. Na3 Bh7
9. Nc2 Nf5 10. a4 Qc7 11. b4 a5 12. b5 c5 13. c4 dxc4 14. b6 Nxb6 15. Na3 cxd4
16. Nxd4 Rd8 17. Nab5 Qxe5 18. Bb2 Bc5 19. Nxf5 Qxf5 20. Nc7+ Ke7 21. Qc1 Rd7
22. Nb5 f6 23. Bc3 Nd5 24. Bd4 Bxd4 25. Nxd4 Qe5 26. Nxe6 Qxe6 27. Re1 Kd8 28.
Qxc4 Qc6 29. Qd4 Qb6 30. Qg4 Qb4 31. Qg3 Qf4 32. Qa3 Kc8 33. Bb5 Rdd8 34. Qc5+
Kb8 0-1

[Event "Southend Masters"]
[Site "Southend"]
[Date "2024.03.28"]
[Round "1.2"]
[White "Petrov, Martin"]
[Black "Ribeiro, Rodrigo"]
[Result "1-0"]
[WhiteElo "2518"]
[BlackElo "2271"]
[PlyCount "61"]
[EventDate "2024.03.28"]
[EventType "swiss"]
[EventRounds "9"]
[EventCountry "ENG"]
[SourceTitle "BritBase"]
[Source "John Saunders"]
[SourceDate "2024.05.09"]
[SourceVersion "1"]
[SourceVersionDate "2024.05.09"]
[SourceQuality "1"]

1. e4 c5 2. Nf3 e6 3. d4 cxd4 4. Nxd4 a6 5. Bd3 Bc5 6. Nb3 Ba7 7. Qf3 Nc6 8.
Qg3 Qf6 9. f4 d6 10. Nc3 Nb4 11. e5 Nxd3+ 12. Qxd3 Qg6 13. Ne4 dxe5 14. fxe5
Nh6 15. Bxh6 Qxh6 16. Nd6+ Ke7 17. Rf1 f5 18. Rf3 Rd8 19. Qc4 g5 20. Rxf5 Rf8
21. Qc7+ Bd7 22. O-O-O g4+ 23. Kb1 exf5 24. Nxf5+ Rxf5 25. Qxd7+ Kf8 26. Qxf5+
Kg8 27. e6 Bb6 28. Qf7+ Kh8 29. e7 Qg6 30. Qf8+ Qg8 31. Qf6+ 1-0

[Event "Southend Masters"]
[Site "Southend"]
[Date "2024.03.28"]
[Round "1.3"]
[White "Wong, Jianwen"]
[Black "Janik, Igor"]
[Result "0-1"]
[WhiteElo "2254"]
[BlackElo "2497"]
[PlyCount "88"]
[EventDate "2024.03.28"]
[EventType "swiss"]
[EventRounds "9"]
[EventCountry "ENG"]
[SourceTitle "BritBase"]
[Source "John Saunders"]
[SourceDate "2024.05.09"]
[SourceVersion "1"]
[SourceVersionDate "2024.05.09"]
[SourceQuality "1"]

1. c4 Nf6 2. Nf3 b6 3. g3 Bb7 4. Bg2 c5 5. O-O g6 6. b3 Bg7 7. Bb2 O-O 8. d4
cxd4 9. Qxd4 d6 10. Nc3 Nbd7 11. Rfd1 Rc8 12. Qe3 Nc5 13. Bh3 Rb8 14. Rac1 h5
15. Nb5 Ng4 16. Bxg4 Bxb2 17. Bh3 Bxc1 18. Qxc1 a6 19. Nc3 Bxf3 20. exf3 Kg7
21. b4 Nd7 22. Ne4 Ne5 23. f4 Ng4 24. Qc3+ Nf6 25. c5 bxc5 26. bxc5 Qc7 27. c6
Rfd8 28. Nxf6 exf6 29. Bg2 Rb5 30. Bd5 Qb6 31. Kg2 Qc5 32. Qf3 Rb2 33. f5 Re8
34. fxg6 fxg6 35. Rf1 Re5 36. Be4 d5 37. Bb1 Qxc6 38. Qd3 Re4 39. Qa3 Reb4 40.
Qd3 f5 41. Re1 Qc5 42. Rf1 Qd4 43. Qa3 Rxb1 44. Rxb1 Qe4+ 0-1

[Event "Southend Masters"]
[Site "Southend"]
[Date "2024.03.28"]
[Round "1.4"]
[White "Royal, Shreyas"]
[Black "Kawulok, Marek"]
[Result "1/2-1/2"]
[WhiteElo "2457"]
[BlackElo "2245"]
[PlyCount "82"]
[EventDate "2024.03.28"]
[EventType "swiss"]
[EventRounds "9"]
[EventCountry "ENG"]
[SourceTitle "BritBase"]
[Source "John Saunders"]
[SourceDate "2024.05.09"]
[SourceVersion "1"]
[SourceVersionDate "2024.05.09"]
[SourceQuality "1"]

1. d4 Nf6 2. c4 e6 3. Nf3 d5 4. g3 Bb4+ 5. Bd2 Be7 6. Bg2 c6 7. Qc2 Nbd7 8. O-O
O-O 9. Bf4 a5 10. Rd1 h6 11. Ne5 Nh5 12. Be3 Nhf6 13. Bf4 Nh5 14. Bc1 Nhf6 15.
Nxd7 Qxd7 16. Nd2 b6 17. b3 Ba6 18. Bb2 Rfd8 19. Rac1 Rac8 20. Qb1 Qa7 21. e3
c5 22. dxc5 bxc5 23. cxd5 exd5 24. Qf5 Bb7 25. h4 a4 26. h5 axb3 27. axb3 Qb6
28. Bf3 Qe6 29. Qxe6 fxe6 30. Nb1 Kf7 31. Nc3 Bc6 32. Ne2 Rb8 33. Ba3 Nd7 34.
Rb1 Rb7 35. Nf4 Rdb8 36. Bg4 Nf8 37. Rbc1 Rb5 38. Nd3 Nd7 39. Nf4 Nf8 40. Nd3
Nd7 41. Nf4 Nf8 1/2-1/2

[Event "Southend Masters"]
[Site "Southend"]
[Date "2024.03.28"]
[Round "1.5"]
[White "Haydon, David L"]
[Black "Agdelen, Huseyin Can"]
[Result "1/2-1/2"]
[WhiteElo "2241"]
[BlackElo "2408"]
[PlyCount "56"]
[EventDate "2024.03.28"]
[EventType "swiss"]
[EventRounds "9"]
[EventCountry "ENG"]
[SourceTitle "BritBase"]
[Source "John Saunders"]
[SourceDate "2024.05.09"]
[SourceVersion "1"]
[SourceVersionDate "2024.05.09"]
[SourceQuality "1"]

1. Nf3 Nf6 2. d4 g6 3. c4 Bg7 4. Nc3 O-O 5. e4 d6 6. h3 Na6 7. Be3 e5 8. d5 Nc5
9. Nd2 a5 10. g4 Ne8 11. Nb3 Nxb3 12. axb3 f5 13. gxf5 gxf5 14. exf5 Bxf5 15.
Bd3 e4 16. Be2 Nf6 17. Qd2 Nd7 18. Rg1 Bg6 19. O-O-O Nc5 20. Qc2 Qe8 21. h4
Nd3+ 22. Rxd3 exd3 23. Bxd3 Bxd3 24. Qxd3 Kh8 25. Ne4 a4 26. Ng5 Qg6 27. Qxg6
hxg6 28. Kc2 axb3+ 1/2-1/2

[Event "Southend Masters"]
[Site "Southend"]
[Date "2024.03.28"]
[Round "1.6"]
[White "Kirk, Ezra"]
[Black "Villiers, Thomas"]
[Result "0-1"]
[WhiteElo "2407"]
[BlackElo "2225"]
[PlyCount "102"]
[EventDate "2024.03.28"]
[EventType "swiss"]
[EventRounds "9"]
[EventCountry "ENG"]
[SourceTitle "BritBase"]
[Source "John Saunders"]
[SourceDate "2024.05.09"]
[SourceVersion "1"]
[SourceVersionDate "2024.05.09"]
[SourceQuality "1"]

1. e4 c5 2. Nf3 d6 3. Bb5+ Bd7 4. c4 Nf6 5. Nc3 g6 6. d4 cxd4 7. Nxd4 Bg7 8.
Be3 O-O 9. h3 a6 10. Bxd7 Nbxd7 11. Rc1 Rc8 12. b3 Qa5 13. O-O b5 14. Nd5 Nxd5
15. exd5 bxc4 16. Nc6 Rxc6 17. dxc6 Ne5 18. bxc4 Qxa2 19. c5 d5 20. c7 Rc8 21.
Rb1 Nc6 22. Rb7 Be5 23. Qg4 f5 24. Qh4 Rxc7 25. Rxc7 Bxc7 26. Bg5 Qe2 27. Qa4
Qb5 28. Qa2 e6 29. Rb1 Qd3 30. Re1 e5 31. Qa4 Qb5 32. Qa2 Nb4 33. Qd2 Nd3 34.
Rd1 e4 35. Be7 Be5 36. Qa2 Kf7 37. Bd6 Ke6 38. Rb1 Qc4 39. Qa5 Qc2 40. Rf1 Bxd6
41. cxd6 Kxd6 42. Qxa6+ Qc6 43. Qa7 h5 44. Ra1 Ke5 45. Qg7+ Kf4 46. Qh6+ Ke5
47. Qg7+ Kf4 48. g3+ Kf3 49. Re1 Nxe1 50. Qd4 Qc1 51. Kh2 Ke2 0-1

[Event "Southend Masters"]
[Site "Southend"]
[Date "2024.03.28"]
[Round "1.7"]
[White "Ribeiro, Gustavo"]
[Black "Jackson, James P"]
[Result "1-0"]
[WhiteElo "2220"]
[BlackElo "2371"]
[PlyCount "99"]
[EventDate "2024.03.28"]
[EventType "swiss"]
[EventRounds "9"]
[EventCountry "ENG"]
[SourceTitle "BritBase"]
[Source "John Saunders"]
[SourceDate "2024.05.09"]
[SourceVersion "1"]
[SourceVersionDate "2024.05.09"]
[SourceQuality "1"]

1. e4 e5 2. Nf3 Nc6 3. Bb5 a6 4. Ba4 Nf6 5. O-O b5 6. Bb3 Bc5 7. c3 d6 8. d4
Bb6 9. a4 Rb8 10. a5 Ba7 11. h3 O-O 12. Be3 Ra8 13. Nbd2 h6 14. Re1 exd4 15.
cxd4 Nb4 16. d5 c5 17. dxc6 Nxc6 18. Bd5 Nxd5 19. exd5 Ne7 20. Nf1 Bb7 21. Bxa7
Rxa7 22. Ne3 Qa8 23. Qd4 Bxd5 24. Nxd5 Nxd5 25. Rad1 Ne7 26. Qxd6 Ng6 27. b4
Rb7 28. h4 Rbb8 29. h5 Rfd8 30. Qc7 Rxd1 31. Rxd1 Rc8 32. Qd6 Nf8 33. Ne5 Ne6
34. Qe7 Rc7 35. Rd7 Rxd7 36. Qxd7 Ng5 37. f4 Qe4 38. Qd8+ Kh7 39. Qd3 Qxd3 40.
Nxd3 Ne6 41. g4 Kg8 42. Kf2 Kf8 43. Ke3 Ke7 44. f5 Nd8 45. Nc5 Kd6 46. Nxa6 Nc6
47. f6 gxf6 48. Ke4 Ke7 49. Nc7 Nxb4 50. Nd5+ 1-0

[Event "Southend Masters"]
[Site "Southend"]
[Date "2024.03.28"]
[Round "1.8"]
[White "Lalic, Bogdan"]
[Black "Gallagher, Daniel GH"]
[Result "1/2-1/2"]
[WhiteElo "2354"]
[BlackElo "2219"]
[PlyCount "35"]
[EventDate "2024.03.28"]
[EventType "swiss"]
[EventRounds "9"]
[EventCountry "ENG"]
[SourceTitle "BritBase"]
[Source "John Saunders"]
[SourceDate "2024.05.09"]
[SourceVersion "1"]
[SourceVersionDate "2024.05.09"]
[SourceQuality "1"]

1. d4 Nf6 2. c4 g6 3. Nc3 Bg7 4. e4 d6 5. Nf3 O-O 6. Be2 e5 7. O-O Na6 8. Re1
Bg4 9. Be3 Bxf3 10. Bxf3 exd4 11. Bxd4 Re8 12. Qd2 Nc5 13. Rad1 Ne6 14. Be3 h5
15. g3 Ng4 16. Bxg4 hxg4 17. Qe2 Qc8 18. Kg2 1/2-1/2

[Event "Southend Masters"]
[Site "Southend"]
[Date "2024.03.28"]
[Round "1.9"]
[White "Jones, Steven A"]
[Black "Hollan, Martin"]
[Result "0-1"]
[WhiteElo "2217"]
[BlackElo "2347"]
[PlyCount "74"]
[EventDate "2024.03.28"]
[EventType "swiss"]
[EventRounds "9"]
[EventCountry "ENG"]
[SourceTitle "BritBase"]
[Source "John Saunders"]
[SourceDate "2024.05.09"]
[SourceVersion "1"]
[SourceVersionDate "2024.05.09"]
[SourceQuality "1"]

1. e4 c5 2. Nf3 Nc6 3. Nc3 g6 4. d4 cxd4 5. Nxd4 Bg7 6. Be3 Nf6 7. Bc4 d6 8. f3
Qb6 9. Nf5 Qxb2 10. Nxg7+ Kf8 11. Nd5 Nxd5 12. Bxd5 Kxg7 13. O-O Qc3 14. Qc1 h6
15. Rb1 Nd4 16. Bd2 Qc5 17. Qb2 e5 18. Be3 Qc3 19. Bxd4 exd4 20. Rfd1 Rb8 21.
Rxd4 Qxb2 22. Rxb2 b5 23. Bc6 Rb6 24. Bd5 Bd7 25. c4 b4 26. a3 Rhb8 27. axb4
Rxb4 28. Rxb4 Rxb4 29. Rd2 a5 30. e5 dxe5 31. Bxf7 Bf5 32. Bd5 a4 33. c5 Rd4
34. Rxd4 exd4 35. Kf2 Kf6 36. Ke2 a3 37. Kd2 Be6 0-1

[Event "Southend Masters"]
[Site "Southend"]
[Date "2024.03.28"]
[Round "1.10"]
[White "Kalavannan, Koby"]
[Black "Badacsonyi, Stanley"]
[Result "1/2-1/2"]
[WhiteElo "2324"]
[BlackElo "2196"]
[PlyCount "138"]
[EventDate "2024.03.28"]
[EventType "swiss"]
[EventRounds "9"]
[EventCountry "ENG"]
[SourceTitle "BritBase"]
[Source "John Saunders"]
[SourceDate "2024.05.09"]
[SourceVersion "1"]
[SourceVersionDate "2024.05.09"]
[SourceQuality "1"]

1. d4 Nf6 2. Nf3 g6 3. Nbd2 d5 4. e3 Bg7 5. b4 a5 6. b5 c5 7. bxc6 Nxc6 8. a4
O-O 9. Ba3 Bf5 10. Nh4 Bg4 11. Qb1 Qc7 12. h3 Bd7 13. Bb5 Rfe8 14. O-O e5 15.
Bxc6 Bxc6 16. dxe5 Rxe5 17. Bb2 Re7 18. Nhf3 Ne4 19. Bxg7 Kxg7 20. Qb2+ Kg8 21.
Rfd1 Nc5 22. Qd4 b6 23. Qh4 Rae8 24. Ra3 Kg7 25. Qd4+ Kg8 26. Qa1 Bb7 27. Nb3
Ne4 28. Nbd4 Ba6 29. Qb2 Bc4 30. Nb5 Bxb5 31. axb5 Qc5 32. Rad3 Rc7 33. Nd4 Nd6
34. Rb1 Ra8 35. Qa1 a4 36. Ra3 Rca7 37. Rc3 Nc4 38. Nc6 Rc7 39. Nb4 d4 40. Na6
dxc3 41. Nxc5 Rxc5 42. Qxc3 a3 43. Ra1 a2 44. Qb3 Ra3 45. Qb4 Ra5 46. Qc3 Na3
47. Qb3 Rcxb5 48. Qxa2 Nxc2 49. Qxc2 Rxa1+ 50. Kh2 Rab1 51. Qc8+ Kg7 52. Qc3+
Kg8 53. g4 Rc5 54. Qd3 Rb4 55. Qd2 Rbb5 56. Qd8+ Kg7 57. Qd4+ Kg8 58. Qd8+ Kg7
59. Qd4+ Kg8 60. h4 Rd5 61. Qf6 h6 62. Kg3 Re5 63. Qd6 Re6 64. Qd8+ Kg7 65.
Qd4+ Kg8 66. Qd3 Rbe5 67. Qd8+ Kg7 68. Qd4 Kg8 69. Kf3 g5 1/2-1/2

[Event "Southend Masters"]
[Site "Southend"]
[Date "2024.03.28"]
[Round "1.11"]
[White "Gomez Aguirre, Juan Alberto"]
[Black "Browning, Alex"]
[Result "1-0"]
[WhiteElo "2196"]
[BlackElo "2313"]
[PlyCount "63"]
[EventDate "2024.03.28"]
[EventType "swiss"]
[EventRounds "9"]
[EventCountry "ENG"]
[SourceTitle "BritBase"]
[Source "John Saunders"]
[SourceDate "2024.05.09"]
[SourceVersion "1"]
[SourceVersionDate "2024.05.09"]
[SourceQuality "1"]

1. d4 Nf6 2. c4 g6 3. Nc3 Bg7 4. e4 O-O 5. Be2 d6 6. Be3 c5 7. d5 e6 8. Nf3
exd5 9. cxd5 Bg4 10. Nd2 Bxe2 11. Qxe2 Re8 12. O-O Nbd7 13. a4 Ne5 14. h3 Nh5
15. g4 Nf6 16. f4 Ned7 17. Qf3 a6 18. Rae1 b5 19. axb5 axb5 20. Nxb5 Qb8 21.
Na3 Ra4 22. Bf2 Qxb2 23. Ndc4 Qb8 24. e5 dxe5 25. fxe5 Rxa3 26. Qxa3 Nxd5 27.
Qf3 N5b6 28. Bg3 Nxc4 29. e6 Bd4+ 30. Kh1 Qxg3 31. exf7+ Kg7 32. fxe8=N+ 1-0

[Event "Southend Masters"]
[Site "Southend"]
[Date "2024.03.28"]
[Round "1.12"]
[White "Lim, Zhuo Ren"]
[Black "Badacsonyi, Frankie"]
[Result "1/2-1/2"]
[WhiteElo "2290"]
[BlackElo "2160"]
[PlyCount "137"]
[EventDate "2024.03.28"]
[EventType "swiss"]
[EventRounds "9"]
[EventCountry "ENG"]
[SourceTitle "BritBase"]
[Source "John Saunders"]
[SourceDate "2024.05.09"]
[SourceVersion "1"]
[SourceVersionDate "2024.05.09"]
[SourceQuality "1"]

1. d4 d5 2. Nf3 Nf6 3. c4 c6 4. Nc3 e6 5. e3 Nbd7 6. Qc2 Bd6 7. b3 O-O 8. Be2
b6 9. O-O Bb7 10. Bb2 h6 11. Rad1 Qe7 12. Rfe1 Rfe8 13. Bf1 Rad8 14. e4 dxe4
15. Nxe4 Nxe4 16. Qxe4 Nf6 17. Qh4 Nh7 18. Qxe7 Bxe7 19. Ne5 c5 20. dxc5 Bxc5
21. a3 Nf6 22. b4 Be7 23. g3 Rc8 24. Bg2 Bxg2 25. Kxg2 a6 26. Bd4 b5 27. cxb5
axb5 28. Rc1 Ra8 29. Bb2 Nd5 30. Nc6 Nb6 31. Na5 Bd8 32. Re2 Na4 33. Nb7 Nxb2
34. Rxb2 Be7 35. Rb3 Rec8 36. Rbc3 Rcb8 37. Na5 Bf6 38. R3c2 Kh7 39. h4 h5 40.
Rc5 Kg6 41. R1c2 Ra6 42. Rd2 Be7 43. Nc6 Rb7 44. Nxe7+ Rxe7 45. Rxb5 Rxa3 46.
Rb2 Raa7 47. Kf3 f6 48. Rb8 Kf5 49. b5 Reb7 50. Rh8 Ra3+ 51. Ke2 g6 52. Rc8 Rb6
53. Kd2 Ke5 54. Rc3 Ra5 55. Rcb3 Kd5 56. Rf3 e5 57. Rfb3 Kc5 58. Rc3+ Kd5 59.
Rcb3 Kc5 60. Rc3+ Kd5 61. Rf3 f5 62. Rfb3 Kc5 63. Rc3+ Kd5 64. Rcb3 Kc5 65. Re3
Kd5 66. Rd3+ Ke6 67. Rdb3 Kd5 68. Rd3+ Ke6 69. Rdb3 1/2-1/2

[Event "Southend Masters"]
[Site "Southend"]
[Date "2024.03.28"]
[Round "2.1"]
[White "Gumularz, Szymon"]
[Black "Ribeiro, Gustavo"]
[Result "1-0"]
[WhiteElo "2590"]
[BlackElo "2220"]
[PlyCount "79"]
[EventDate "2024.03.28"]
[EventType "swiss"]
[EventRounds "9"]
[EventCountry "ENG"]
[SourceTitle "BritBase"]
[Source "John Saunders"]
[SourceDate "2024.05.09"]
[SourceVersion "1"]
[SourceVersionDate "2024.05.09"]
[SourceQuality "1"]

1. c4 e5 2. d3 Nf6 3. Nf3 d6 4. b3 Be7 5. Bb2 O-O 6. e3 c5 7. Be2 Nc6 8. O-O
Bf5 9. Nc3 h6 10. Nd2 Nb8 11. Bf3 Qc8 12. Qe2 Re8 13. a3 Nbd7 14. b4 a5 15.
bxa5 Rxa5 16. a4 Nf8 17. Nb5 Ne6 18. Bd5 Nxd5 19. cxd5 Nc7 20. Nc4 Ra6 21. e4
Bd7 22. Nxc7 Qxc7 23. a5 Bb5 24. Nb6 Bd8 25. Bc3 Rf8 26. Rab1 Be8 27. f4 Qe7
28. Nc4 exf4 29. Qb2 f6 30. Qxb7 Qxb7 31. Rxb7 Bh5 32. Rb2 g5 33. g3 fxg3 34.
hxg3 Bg4 35. Kg2 Bc8 36. Rb8 Bg4 37. Bxf6 Bxf6 38. Rxf8+ Kxf8 39. Rxf6+ Ke7 40.
e5 1-0

[Event "Southend Masters"]
[Site "Southend"]
[Date "2024.03.28"]
[Round "2.2"]
[White "Villiers, Thomas"]
[Black "Petrov, Martin"]
[Result "0-1"]
[WhiteElo "2225"]
[BlackElo "2518"]
[PlyCount "80"]
[EventDate "2024.03.28"]
[EventType "swiss"]
[EventRounds "9"]
[EventCountry "ENG"]
[SourceTitle "BritBase"]
[Source "John Saunders"]
[SourceDate "2024.05.09"]
[SourceVersion "1"]
[SourceVersionDate "2024.05.09"]
[SourceQuality "1"]

1. e4 c5 2. Nf3 d6 3. Bb5+ Bd7 4. c4 Nf6 5. Nc3 Nc6 6. d4 cxd4 7. Nxd4 g6 8.
O-O Bg7 9. Be3 Ng4 10. Nxc6 Nxe3 11. Nxd8 Nxd1 12. Bxd7+ Kxd7 13. Rfxd1 Rhxd8
14. c5 Bxc3 15. bxc3 Ke6 16. cxd6 Rxd6 17. Rxd6+ exd6 18. Rb1 b6 19. Kf1 Rc8
20. Rb3 d5 21. exd5+ Kxd5 22. Ke2 Re8+ 23. Kd2 Re4 24. Rb5+ Kc6 25. Rb2 h5 26.
Kd3 Re1 27. h4 Kc5 28. Re2 Rxe2 29. Kxe2 Kc4 30. Kd2 f6 31. f4 b5 32. g4 f5 33.
gxh5 gxh5 34. Kc2 a5 35. Kb2 b4 36. cxb4 Kxb4 37. Kc2 Kc4 38. a4 Kb4 39. Kd3
Kxa4 40. Kd4 Kb5 0-1

[Event "Southend Masters"]
[Site "Southend"]
[Date "2024.03.28"]
[Round "2.3"]
[White "Janik, Igor"]
[Black "Gomez Aguirre, Juan Alberto"]
[Result "1-0"]
[WhiteElo "2497"]
[BlackElo "2196"]
[PlyCount "95"]
[EventDate "2024.03.28"]
[EventType "swiss"]
[EventRounds "9"]
[EventCountry "ENG"]
[SourceTitle "BritBase"]
[Source "John Saunders"]
[SourceDate "2024.05.09"]
[SourceVersion "1"]
[SourceVersionDate "2024.05.09"]
[SourceQuality "1"]

1. Nf3 d5 2. g3 g6 3. Bg2 Bg7 4. O-O e5 5. c4 Ne7 6. cxd5 Nxd5 7. Nc3 O-O 8. d3
Nb6 9. Bg5 Qe8 10. Qc1 Nc6 11. Re1 f6 12. Be3 Be6 13. a3 Ne7 14. d4 exd4 15.
Nxd4 Ned5 16. Nxe6 Qxe6 17. Bxb6 Nxb6 18. Bxb7 Rab8 19. Bg2 c6 20. Ne4 f5 21.
Nc5 Qf6 22. Rb1 Rfd8 23. b4 Nd5 24. Qc4 Qf7 25. Rb3 Ne7 26. Qc2 Bd4 27. Rd3 Bg7
28. Red1 Rxd3 29. Rxd3 Nd5 30. Qb3 Nb6 31. Qxf7+ Kxf7 32. Bxc6 Bf8 33. Nd7 Rd8
34. Ne5+ Ke7 35. Rxd8 Kxd8 36. Bb5 Kc7 37. Nd3 Nd5 38. Bc4 Nc3 39. e3 Kd6 40.
Bg8 Ke7 41. Bxh7 Kf7 42. Nf4 Nb1 43. Bxg6+ Kf6 44. g4 Nxa3 45. Bxf5 Nc4 46. Nd3
Nd6 47. Bd7 Ne4 48. Bc6 1-0

[Event "Southend Masters"]
[Site "Southend"]
[Date "2024.03.28"]
[Round "2.4"]
[White "Hollan, Martin"]
[Black "Abhyuday, Santhosh"]
[Result "1-0"]
[WhiteElo "2347"]
[BlackElo "2150"]
[PlyCount "71"]
[EventDate "2024.03.28"]
[EventType "swiss"]
[EventRounds "9"]
[EventCountry "ENG"]
[SourceTitle "BritBase"]
[Source "John Saunders"]
[SourceDate "2024.05.09"]
[SourceVersion "1"]
[SourceVersionDate "2024.05.09"]
[SourceQuality "1"]

1. e4 c5 2. Nf3 d6 3. Bb5+ Nd7 4. a4 Ngf6 5. Nc3 a6 6. Be2 b6 7. d4 cxd4 8.
Qxd4 Bb7 9. O-O e6 10. Rd1 Qc7 11. Nd2 Ne5 12. Nc4 Nxc4 13. Bxc4 Be7 14. Be3
Nd7 15. a5 b5 16. Bxb5 axb5 17. Nxb5 Qc6 18. Qxg7 Rf8 19. c4 Ra6 20. Rac1 Nf6
21. Nxd6+ Bxd6 22. Qxf6 Qxe4 23. Qg7 Be7 24. Bb6 Qc6 25. b4 Bf6 26. Qg3 Rxb6
27. b5 Qxg2+ 28. Qxg2 Bxg2 29. Kxg2 Rb8 30. b6 Rg8+ 31. Kh1 Ke7 32. c5 Be5 33.
c6 Ra8 34. c7 Bxh2 35. b7 Rxa5 36. c8=Q 1-0

[Event "Southend Masters"]
[Site "Southend"]
[Date "2024.03.28"]
[Round "2.6"]
[White "Gallagher, Daniel GH"]
[Black "Royal, Shreyas"]
[Result "1/2-1/2"]
[WhiteElo "2219"]
[BlackElo "2457"]
[PlyCount "50"]
[EventDate "2024.03.28"]
[EventType "swiss"]
[EventRounds "9"]
[EventCountry "ENG"]
[SourceTitle "BritBase"]
[Source "John Saunders"]
[SourceDate "2024.05.09"]
[SourceVersion "1"]
[SourceVersionDate "2024.05.09"]
[SourceQuality "1"]

1. Nf3 d5 2. e3 Nf6 3. c4 e6 4. b3 c5 5. cxd5 exd5 6. Bb2 Nc6 7. Bb5 Bd6 8.
Bxf6 Qxf6 9. Nc3 Be6 10. e4 Qe7 11. O-O d4 12. e5 Bc7 13. Bxc6+ bxc6 14. Ne4
Bd5 15. Re1 O-O 16. Rc1 Bb6 17. Qc2 Rfd8 18. Neg5 g6 19. Ne4 a5 20. h4 Bxe4 21.
Qxe4 Rd5 22. e6 f6 23. Re2 Kg7 24. Qd3 Bc7 25. g3 h5 1/2-1/2

[Event "Southend Masters"]
[Site "Southend"]
[Date "2024.03.28"]
[Round "2.7"]
[White "Agdelen, Huseyin Can"]
[Black "Lim, Zhuo Ren"]
[Result "1/2-1/2"]
[WhiteElo "2408"]
[BlackElo "2290"]
[PlyCount "45"]
[EventDate "2024.03.28"]
[EventType "swiss"]
[EventRounds "9"]
[EventCountry "ENG"]
[SourceTitle "BritBase"]
[Source "John Saunders"]
[SourceDate "2024.05.09"]
[SourceVersion "1"]
[SourceVersionDate "2024.05.09"]
[SourceQuality "1"]

1. e4 c5 2. Nf3 d6 3. d4 cxd4 4. Nxd4 Nf6 5. Nc3 a6 6. Be3 e5 7. Nb3 Be6 8. h3
Nbd7 9. g4 h6 10. Qd2 b5 11. O-O-O Be7 12. Kb1 O-O 13. f4 b4 14. Nd5 Nxe4 15.
Qg2 Bxd5 16. Rxd5 exf4 17. Bxf4 Ndf6 18. Rd1 a5 19. Bd3 d5 20. Nd2 Nc3+ 21.
bxc3 bxc3 22. Nb3 a4 23. h4 1/2-1/2

[Event "Southend Masters"]
[Site "Southend"]
[Date "2024.03.28"]
[Round "2.8"]
[White "Cherniaev, Alexander"]
[Black "Haydon, David L"]
[Result "1-0"]
[WhiteElo "2375"]
[BlackElo "2241"]
[PlyCount "119"]
[EventDate "2024.03.28"]
[EventType "swiss"]
[EventRounds "9"]
[EventCountry "ENG"]
[SourceTitle "BritBase"]
[Source "John Saunders"]
[SourceDate "2024.05.09"]
[SourceVersion "1"]
[SourceVersionDate "2024.05.09"]
[SourceQuality "1"]

1. Nf3 Nf6 2. g3 b6 3. Bg2 Bb7 4. O-O c5 5. d3 d6 6. e4 Nbd7 7. Nc3 a6 8. a4 e6
9. Nh4 Qc7 10. f4 Be7 11. Qe1 O-O 12. h3 Ne8 13. g4 g6 14. f5 Bf6 15. Bh6 Ng7
16. Kh1 Qd8 17. Nf3 Ne5 18. Qd2 Nxf3 19. Rxf3 exf5 20. gxf5 Re8 21. Raf1 Nh5
22. fxg6 fxg6 23. Rxf6 Nxf6 24. Bg5 Rf8 25. e5 Ng4 26. Rxf8+ Qxf8 27. hxg4 Qf1+
28. Kh2 Bxg2 29. Qxg2 Qxg2+ 30. Kxg2 dxe5 31. Be3 h5 32. Nd5 Rb8 33. gxh5 gxh5
34. Nf6+ Kf7 35. Nxh5 Ke6 36. Ng3 Rc8 37. Ne4 c4 38. Bxb6 cxd3 39. cxd3 Rc2+
40. Kf3 Rxb2 41. a5 Kd5 42. Nc5 Rb5 43. Nxa6 Rb3 44. Nc7+ Kd6 45. Ke3 Kc6 46.
Ke4 Ra3 47. Na6 Rc3 48. Kxe5 Kb5 49. Nc5 Kc6 50. d4 Re3+ 51. Ne4 Rd3 52. Ke6
Rd1 53. Kf5 Rh1 54. Nf6 Rf1+ 55. Ke5 Re1+ 56. Ne4 Rd1 57. Bc5 Rd3 58. a6 Rd1
59. a7 Kb7 60. d5 1-0

[Event "Southend Masters"]
[Site "Southend"]
[Date "2024.03.28"]
[Round "2.9"]
[White "Badacsonyi, Stanley"]
[Black "Lalic, Bogdan"]
[Result "1/2-1/2"]
[WhiteElo "2196"]
[BlackElo "2354"]
[PlyCount "38"]
[EventDate "2024.03.28"]
[EventType "swiss"]
[EventRounds "9"]
[EventCountry "ENG"]
[SourceTitle "BritBase"]
[Source "John Saunders"]
[SourceDate "2024.05.09"]
[SourceVersion "1"]
[SourceVersionDate "2024.05.09"]
[SourceQuality "1"]

1. d4 d5 2. Nc3 Nf6 3. Bf4 c5 4. e4 Nxe4 5. Nxe4 dxe4 6. dxc5 Qa5+ 7. c3 Qxc5
8. Qa4+ Bd7 9. Qxe4 Bc6 10. Qe3 Qxe3+ 11. Bxe3 e5 12. O-O-O Nd7 13. f4 exf4 14.
Bxf4 O-O-O 15. Nf3 f6 16. Nd4 Ne5 17. Bxe5 fxe5 18. Nxc6 Rxd1+ 19. Kxd1 bxc6
1/2-1/2

[Event "Southend Masters"]
[Site "Southend"]
[Date "2024.03.28"]
[Round "2.10"]
[White "Badacsonyi, Frankie"]
[Black "Kalavannan, Koby"]
[Result "0-1"]
[WhiteElo "2160"]
[BlackElo "2324"]
[PlyCount "110"]
[EventDate "2024.03.28"]
[EventType "swiss"]
[EventRounds "9"]
[EventCountry "ENG"]
[SourceTitle "BritBase"]
[Source "John Saunders"]
[SourceDate "2024.05.09"]
[SourceVersion "1"]
[SourceVersionDate "2024.05.09"]
[SourceQuality "1"]

1. d4 c5 2. d5 e5 3. e4 d6 4. Nf3 a6 5. a4 Bg4 6. Be2 Bxf3 7. Bxf3 Be7 8. Nd2
Bg5 9. g3 Ne7 10. h4 Bh6 11. Nc4 Bxc1 12. Qxc1 b6 13. Bg4 O-O 14. O-O Ra7 15.
f4 f5 16. exf5 exf4 17. f6 Ng6 18. h5 Ne5 19. Be6+ Kh8 20. Nxe5 dxe5 21. gxf4
gxf6 22. h6 Nd7 23. Ra3 f5 24. fxe5 f4 25. Qe1 Qg5+ 26. Kh1 Nxe5 27. Rh3 Re7
28. Qh4 Qxh4 29. Rxh4 Ng6 30. Rh3 Rf6 31. Rg1 Re8 32. Rh5 f3 33. Rh2 Nf4 34.
Rf1 Nxe6 35. dxe6 Rexe6 36. Rh3 Rxh6 37. Rfxf3 Rxh3+ 38. Rxh3 Re1+ 39. Kg2 Re2+
40. Kf1 Rxc2 41. Rb3 Rc4 42. Rxb6 Rxa4 43. Rc6 c4 44. Rc7 Rb4 45. Ke1 a5 46.
Kd1 Rxb2 47. Rxc4 Rf2 48. Rc5 a4 49. Ra5 Rf4 50. Ke2 Kg7 51. Ke3 Rb4 52. Ra6 h5
53. Kf2 h4 54. Kg2 Kf7 55. Kh3 Ke7 0-1